| 000 | 00894nam a2200229 a 4500 | ||
|---|---|---|---|
| 001 | 44233 | ||
| 003 | BD-RjUL | ||
| 005 | 20211209053823.0 | ||
| 008 | 160716s2011 bg ||||| |||| 00| 0 ben d | ||
| 020 | _a9789843333605 | ||
| 035 | _a(BD-RjUL)44351 | ||
| 040 |
_aBD-RjUL _bben _cBD-RjUL _dBD-RjUL |
||
| 041 | _aben | ||
| 082 |
_223 _a928 _bSHA 2011 |
||
| 245 | 1 | 0 |
_aসার্ধশততম জন্মবর্ষে রবীন্দ্রনাথ / _cসম্পাদক সান্জীদা খাতুন |
| 260 |
_aঢাকা : _bছায়ানট, _c২০১১ |
||
| 300 |
_a৪৩৫ পৃ. : _bচিত্র ; _c২৭ সেমি. |
||
| 600 |
_aঠাকুর, রবীন্দ্রনাথ _9228274 |
||
| 600 |
_aTagore, Rabindranath _9228275 |
||
| 700 |
_aখাতুন, সান্জীদা, সম্পাদক _9228276 |
||
| 942 |
_2ddc _cBK |
||
| 999 |
_c44233 _d44233 |
||